000 00408nab a2200145Ia 4500
003 ES-SlBCS
005 20210601135013.0
008 140529s1964 xxu||||| |||| 00| 0 spa d
041 _aspa
100 1 _aChudoba, Rohdan
_9226522
245 0 0 _aEl pasado histórico y su sentido
_c Rohdan Chudoba
650 0 4 _aHistoria
_92130
773 0 _tAtlantida
_gvol. 2, nº. 1, 1964, págs. 29-40
_wRev1052
942 _cAR
999 _c621415
_d621415